Central Library OPAC University of Rajshahi

Foreign investment laws and regulations of the countries of Asia and the Far East / (Record no. 50227)

MARC details
000 -LEADER
fixed length control field 00896nam a22002531 4500
001 - CONTROL NUMBER
control field 50227
003 - CONTROL NUMBER IDENTIFIER
rucl marc code BD-RJUL
005 - DATE AND TIME OF LATEST TRANSACTION
control field 20211209075458.0
008 - FIXED-LENGTH DATA ELEMENTS--GENERAL INFORMATION
fixed length control field 160824s1951 xx 000 0 eng
035 ## - SYSTEM CONTROL NUMBER
System control number BD-RJUL 50347
040 ## - CATALOGING SOURCE
Original cataloging agency DLC
Transcribing agency ODa
Modifying agency DLC
Language of cataloging eng
041 ## - LANGUAGE CODE
Language code of text/sound track or separate title eng
082 ## - DEWEY DECIMAL CLASSIFICATION NUMBER
Classification number 332.67
Author mark and year FOR 1951
110 2# - MAIN ENTRY--CORPORATE NAME
Corporate name or jurisdiction name as entry element United Nations.
Subordinate unit Economic Commission for Asia and the Far East.
9 (RLIN) 150545
245 10 - TITLE STATEMENT
Title Foreign investment laws and regulations of the countries of Asia and the Far East /
260 ## - PUBLICATION, DISTRIBUTION, ETC. (IMPRINT)
Place of publication, distribution, etc. New York :
Name of publisher, distributor, etc. Dept. of Economic Affairs,
Date of publication, distribution, etc. 1951.
300 ## - PHYSICAL DESCRIPTION
Pagination viii, 88 p. ;
Size 23 cm.
500 ## - GENERAL NOTE
General note "United Nations publications. Sales no: 1951.II.F.1.
650 #0 - SUBJECT ADDED ENTRY--TOPICAL TERM
Topical term or geographic name as entry element Investments, Foreign
Geographic subdivision Asia.
9 (RLIN) 150541
Topical term or geographic name as entry element Corporations, Foreign
Geographic subdivision Asia.
9 (RLIN) 150542
830 #0 - SERIES ADDED ENTRY--UNIFORM TITLE
Uniform title [Document] (United Nations)
Volume number/sequential designation ST/ECAFE/1. Jan. 1951
942 ## - ADDED ENTRY ELEMENTS (KOHA)
Source of classification or shelving scheme Dewey Decimal Classification
Koha item type Books
Holdings
Lost status Source of classification or shelving scheme Damaged status Not for loan Collection code Permanent Location Current Location Shelving location Date acquired Source of acquisition Cost, normal purchase price Total Checkouts Full call number Date last seen Copy number Koha item type
  Dewey Decimal Classification     Non-fiction Central Library, University of Rajshahi Central Library, University of Rajshahi   02/09/1955 Tulip Enterprise, Dhaka 1.14   332.67 FOR 1951 24/08/2016 C-2 Books